Open Data Biblioteca Nacional de Portugal


República Portuguesa: Ministério da Cultura
Biblioteca Nacional de Portugal

Catálogo da BNP: acesso por Identificadores Unívocos
Registos Bibliográficos associados ao registo de autoridade

Etiqueta de registo: 02376ndm 2200445 450
001 1912471
003 http://id.bnportugal.gov.pt/bib/catbnp/1912471
100 ## $a20151015f17011800k y0pory01030103ba
101 0# $aita
105 ## $ay z 000yy
106 ## $ah
200 1# $a [ Árias de diversos compositores]$bMúsica manuscrita]
210 #1 $d[17--]
215 ## $aPartitura (2 vol., [134], [1, 111] f.)$d22x30 cm
304 ## $aTexto em italiano
307 ## $aF. inumerada entre f. 99 e 100 (PBA. 80); f. inumerada entre f. 63 e 64 (PBA. 81)
307 ## $aF. rasgada no início do 2.º vol. com tít. das óperas
307 ## $aEncadernação da época em pele, gravada a ouro na lombada
317 ## $aLivraria de Sebastião José de Carvalho e Melo, 1.º Marquês de Pombal (Adquirida pela BN em 1887)
321 1# $aCatalogado em: José António Moniz - Inventario. Secção XIII - Manuscriptos Collecção Pombalina. Lisboa: BN, 1889
327 1# $a1.º vol. contém árias de Gennaro Manna, Giuseppe Sellitti, Gioacchino Cocchi, Rinaldo di Capua, Vincenzo Ciampi, Giuseppe Maria Orlandini, Egidio Duni, Andrea Bernasconi, Caputi; no 2.º vol. incluem-se árias de Antonio Mazzoni ("La Clemenza de Tito. Lisbona 1755"), David Perez ("Didone. Salvaterra 1753", "Demofoonte. Lisbona 1753", "Siroe. Lisbona 1752", "L'Artaserse"
702 #1 $aBernasconi,$bAndrea,$f1706-1784$4230$31623505
702 #1 $aDuni,$bEgidio,$f1708-1775$4230$31254511
702 #1 $aOrlandini,$bGiuseppe Maria,$f1676-1760$4230$31309334
702 #1 $aCiampi,$bVicenzo,$f?1719-1762$4230$3888365
702 #0 $aRinaldo di Capua,$fca. 1705-ca. 1780$4230$3888338
702 #1 $aCocchi,$bGioacchino,$f1712-1796$4230$3889526
702 #1 $aSellitti,$bGiuseppe,$f1700-1777$4230$31623296
702 #1 $aManna,$bGennaro,$f1715-1779$4230$3888367
702 #1 $aMazzoni,$bAntonio,$f1717-1785$4230$364300
702 #1 $aPerez,$bDavid,$f1711-1778$4230$3108776
702 #1 $aPombal,$cMarquês de,$f1699-1782$4390$371369
801 #0 $aPT$bBN$gRPC
856 40 $uhttps://purl.pt/37980
856 41 $uhttps://purl.pt/37980/service/media/cover/low
856 49 $uhttps://purl.pt/37980/service/media/pdf/pba-80$qapplication/pdf
856 49 $uhttps://purl.pt/37980/service/media/pdf/pba-81$qapplication/pdf
958 ## $aBND$bLivre$cDigitalizado$d1$ehttps://purl.pt/37980/service/media/cover/max
966 ## $lBN$mRESMAN$sPBA. 80$x2
966 ## $lBN$mRESMAN$sPBA. 81$x2

Etiqueta de registo: 00000ndm 2200025
001 2279294
003 http://id.bnportugal.gov.pt/bib/catbnp/2279294
100 ## $a20260311f17501780k y0pory01030103ba
101 0# $aita
106 ## $ah
200 1# $a [ Peças]$bMúsica manuscrita]
210 #1 $d[Entre 1750 e 1780]
215 ## $a1 partitura (48 p.)$d22 x 29 cm
321 ## $aAutor da sonata para órgão das p. 19-22, G. Giacomelli, identificado por fonte concordante no RISM: https://opac.rism.info/id/rismid/rism703004069
321 ## $aAutor da sonata para órgão das p. 26-28, Andrea Bernasconi, identificado por fonte concordante no RISM: https://opac.rism.info/id/rismid/rism850626128
321 ## $aA marca de água encontrada é semelhante a WM0110 (datada de 1766): MARCMUS <https://marcmus.fcsh.unl.pt/watermarks/wm0110>
330 ## $aAlém das duas obras identificadas através de pesquisa no RISM, o manuscrito contém mais 13 peças anónimas
500 11 $aPeças,$rtecla
675 ## $a78.089.6$vBN$zpor$3536969
700 #1 $aGiacomelli,$bGeminiano,$f1692-1740$31918852
701 #1 $aBernasconi,$bAndrea,$f1706-1784$4230$31623505
801 #0 $aPT$bBPE$gRPC
966 ## $lBN$mBPE$sBPE Cod. CLI/2-9, n. 12$x7
995 ## $aPRR2026

OpendataBNP@bnportugal.pt | Mais informação sobre acesso aos dados BNP